[Event "EU-chT (Men) 13th"]
[Site "Leon"]
[Date "2001.11.09"]
[Round "4.1"]
[White "Ivanchuk, Vassily"]
[Black "Milov, Vadim"]
[Result "1/2-1/2"]
[WhiteElo "2731"]
[BlackElo "2602"]
[Annotator "Tsesarsky,I"]
[PlyCount "59"]
[EventDate "2001.11.06"]
[EventType "team-swiss"]
[EventRounds "9"]
[EventCountry "ESP"]
[SourceTitle "CBM 086"]
[Source "ChessBase"]
[SourceDate "2002.02.05"]
[SourceVersion "1"]
[SourceVersionDate "2002.02.05"]
[SourceQuality "1"]
[WhiteTeam "Ukraine"]
[BlackTeam "Switzerland"]
[WhiteTeamCountry "UKR"]
[BlackTeamCountry "SUI"]

1. d4 {Milov,V} Nf6 2. c4 g6 3. Nc3 Bg7 4. e4 d6 5. Nf3 O-O 6. Be2 e5 7. O-O
Na6 8. Re1 Qe8 9. Bf1 Bg4 10. d5 Nb4 11. Rb1 {Rare move.} ({Much more popular
is} 11. Qb3 a5 12. Nd2 Nd7 13. Na4 Na6 14. Rb1 (14. Qc2 Nf6 15. Nb1 $6 Bd7 16.
Nbc3 Nh5 17. Bd2 f5 $132 {[%csl Ra4] 0-1 Eingorn,V-Asanov,B/Beijing 1991/EXT
2000 (29)}) (14. f3 Ndc5 15. Nxc5 Nxc5 16. Qc2 Bd7 17. Nb3 Nxb3 18. Qxb3 Qe7
19. Be3 b6 20. Qc2 f5 $11 {1/2-1/2 Donk,M-Wiersma,E/Groningen 1995/CBM 50 ext 
(26)}) 14... Ndc5 15. Nxc5 Nxc5 16. Qg3 Bd7 17. Nb3 Nxb3 18. Qxb3 {1/2-1/2
Kortschnoj,V-Gelfand,B/Wijk aan Zee 1993/CBM 34 (18)}) ({The mainline is} 11.
Be2 a5 {and here a lot of various continuations:} 12. Be3 {-most popular move.}
(12. Nh4 Bd7 13. g3 b6 14. Bd2 $14 {1/2-1/2 Piesina,G-Sepp,O/Riga 1995/CBM 47 
(46)}) (12. Rb1 Na6 13. Be3 Bd7 (13... Nh5 14. Nd2 Bxe2 15. Qxe2 Nf4 16. Qf1
Qd7 17. f3 f5 18. Kh1 Nh5 19. b3 f4 20. Bf2 g5 21. Qe2 Rf6 22. Nf1 Rg6 23. a3
Rf8 24. b4 axb4 25. axb4 g4 26. fxg4 Rxg4 27. Qf3 Ng3+ 28. Kg1 Rg6 29. c5 $16 {
1-0 Bukic,E-Kozul,Z/Pula 1991/TD (57)}) 14. Nd2 Nc5 15. b3 Qe7 16. a3 Ne8 17.
Qc1 $5 (17. b4 axb4 18. axb4 Na4 19. Nxa4 Bxa4 20. Qc1 f5 21. f3 $14 {[%cal
Gc4c5]}) 17... f5 18. f3 Nf6 19. b4 axb4 20. axb4 Na4 21. Nxa4 (21. Nb5 $2 c6
22. Nc7 Rac8 23. Ne6 Bxe6 24. dxe6 b5 25. Qa3 Qxe6 $15 {0-1 Kozul,Z-Tratar,M/
Charleville FRA 2000/The Week in Chess 317 (58)}) 21... Rxa4 22. Bd1 f4 23. Bf2
Raa8 24. Ra1 $14) (12. h3 Bd7 13. Be3 b6 14. Nd2 Qd8 15. a3 Na6 16. Qc2 Ne8 17.
Bf1 f5 18. exf5 gxf5 19. f4 $14 {1-0 Shariyazdanov,A-Kamble,V/Sangli 2000/EXT
2001 (34)}) 12... b6 (12... Bd7 13. Nd2 Na6 14. b3 $14 {[%cal Ga2a3] With
standard plan of PP promotion on the queenside.} (14. a3 $6 h5 (14... a4 $11)
15. h3 $6 Kh7 $6 (15... a4 16. Bd3 {[%cal Gd3c2]} Nc5 17. Bc2 Nh7 {[%csl Ga4]
[%cal Ge8a4,Ga8a4]}) 16. Rb1 (16. b3 $14) 16... a4 $132 {[%csl Rb2][%cal Ga4b3]
0-1 Sakaev,K-Schaefer,M/Groningen 1992/EXT 97 (31)})) (12... Na6 13. h3 (13.
Nd2 Bd7 14. b3 h6 15. a3 Nh7 16. Qc2 f5 17. exf5 gxf5 18. f4 Nf6 19. Kh1 Qf7
20. Rf1 Rae8 21. Rae1 $14 {1/2-1/2 Van der Sterren,P-Piket,M/Rotterdam 1990/
EXT 97 (37)}) 13... Bd7 14. Nd2 Kh8 15. Nf1 Qe7 (15... Ng8 16. Qd2 (16. Ng3 $6
{[%csl Rg3,Gg6][%cal Gg6f5,Gg6h5]} Qe7 17. Qd2 Qh4 18. Nh5 gxh5 19. Bg5 Bh6 20.
Bxh6 Nxh6 21. Qxh6 Rg8 22. Qxh5 Qxh5 23. Bxh5 Bxh3 24. Kh2 Bd7 $11 {0-1 Farago,
I-Muse,M/Split 2000/EXT 2001 (45)}) 16... f5 17. exf5 gxf5 18. f4 $14 {0-1
Tunik,G-Nikolaev,N/St Petersburg 1999/CBM 74 (30)}) 16. Qd2 Ng8 17. Rab1 f5 18.
exf5 gxf5 19. f4 $14 {1/2-1/2 Beliavsky,A-Staudner,O/Bled 1999/CBM 69 ext (47)}
) (12... Nh5 13. a3 Na6 14. h3 (14. Nd2 Bxe2 15. Nxe2 Nc5 16. Qc2 f5 17. f3
fxe4 18. Nxe4 Nxe4 19. fxe4 Qd7 20. Rf1 Qg4 $132 {0-1 Mitenkov,A-Makarjev,I/
Moscow 1992/EXT 97 (54)}) 14... Bd7 15. Nd2 Nf4 16. Bf1 b6 (16... Nc5 {-see
commented game 1-0 Illescas Cordoba,M-Gelfand,B/Wijk aan Zee 1993/CBM 34/
[Knaak,R] (72)}) 17. Nb5 Qd8 18. b4 f5 19. exf5 gxf5 20. Bxf4 exf4 21. Rb1 $14
{1/2-1/2 Gurevich,D-Tkachiev,V/Cappelle la Grande 1995/EXT 97 (50)}) (12... Na6
$13 {Milov,V}) 13. b3 (13. Nb5 Na6 14. Nd2 Bd7 15. a3 Bxb5 16. cxb5 Nc5 17. Qc2
a4 18. Bxc5 bxc5 19. Nb1 Nd7 20. Nc3 Nb6 21. b3 axb3 22. Qxb3 Ra5 23. a4 Qe7
24. Ra2 $11 {1/2-1/2 Kozul,Z-Movsesian,S/Pula 1999/EXT 2000 (47)}) (13. Rb1 Na6
14. Kh1 Kh8 15. Ng5 Bd7 16. g4 h6 17. Nh3 Nh7 $132 {1/2-1/2 Beliavsky,A-Moreno
Carnero,J/Leon ESP 2001/The Week in Chess 367 (28)}) (13. a3 Na6 14. b3 Nc5 15.
h3 Bd7 16. Nd2 Qe7 17. b4 Nb7 18. Nb3 $14 {1/2-1/2 Kiselev,S-Krasenkow,M/
Moscow 1989/CBM 16 (42)}) 13... Na6 14. h3 Bd7 15. Nd2 Kh8 16. a3 (16. a3 {
1/2-1/2 Ftacnik,L-Movsesian,S/Germany 1999/GER-chT (16)}) 16... Ng8 17. Rb1 f5
18. f3 Nf6 19. b4 f4 20. Bf2 g5 21. Nf1 h5 22. Nh2 Rg8 23. c5 axb4 24. cxb6
cxb6 25. axb4 b5 26. Qd3 Nc7 27. Ra1 $14 {1/2-1/2 Volzhin,A-Movsesian,S/
Koszalin 1998/CBM 65 ext (30)}) 11... a5 (11... c5 12. Nb5 Qe7 13. a3 Na6 14.
h3 Bd7 15. b4 Ne8 16. Rb3 b6 17. Nh2 $14 {0-1 Nikcevic,N-Tkachiev,V/Clichy
1995/CBM 51 ext (56)}) (11... Nh5 12. Nb5 Qe7 13. a3 Bxf3 14. Qxf3 Nc2 15. Re2
Nd4 16. Nxd4 exd4 17. Qd3 Qd7 18. Bd2 a5 19. b3 c5 20. f4 Rfe8 21. g3 Re7 22.
a4 b6 23. Rbe1 Rae8 24. Qf3 $14 {1/2-1/2 Nikcevic,N-Ilincic,Z/Niksic 1996/EXT
2000 (42)}) 12. Bd2 (12. a3 {Milov,V} Bxf3 13. Qxf3 Nc2) 12... Nh5 {'?!' Milov,
V.} (12... Bxf3 {Milov,V} 13. Qxf3 Nc2 14. Rec1 Nd4 $11) 13. Nb5 {[%cal Gb5c7]
'!' Milov,V.} Qe7 14. a3 Bxf3 15. Qxf3 (15. gxf3 $6 {Milov,V} Na6 16. Bxa5 Bh6
$36) 15... Nc2 (15... Na6 16. Bxa5 f5 17. exf5 Rxf5 18. Qe3 $16) 16. Re2 $1 {
'?!' Milov,V.} ({Black equalizes in case of} 16. Rec1 $6 Nd4 17. Nxd4 exd4 18.
b4 (18. Bd3 a4 (18... Nf6 {Milov,V} 19. Re1 $14) 19. b4 axb3 20. Rxb3 b6 $132)
18... axb4 19. axb4 Ra2 20. Be1 Nf6 21. Bd3 Rfa8 $132 {[%cal Ga8a2,Gf6d7,Gd7e5]
}) 16... c6 $5 17. dxc6 ({Worth of attention} 17. Rc1 cxb5 (17... Nd4 18. Nxd4
exd4 19. Ree1 (19. Qd3 $36 {(Milov,V) /\g3,f4}) 19... c5 (19... a4 20. Bd3 c5
21. g3 Nf6 22. Qd1 Nd7 23. f4 $14) 20. b3 $14 {[%cal Gg2g3]}) 18. Rxc2 bxc4 19.
Rxc4 $14 f5 20. exf5 Rxf5 21. Qb3 Qf7 $11 {/\22...Nf4}) 17... bxc6 18. Rc1 $6 (
{In my opinion, White can leave with a slight advantage after} 18. Bc1 $5 Nd4
19. Nxd4 exd4 20. b4 (20. b3 Rfe8 21. Qd3 c5 $1 $11 (21... Nf6 $6 22. Qxd4 (22.
Bb2 c5 $11) 22... Nxe4 23. Qd3 Rad8 24. Bd2 $1 (24. f3 Qa7+ 25. Be3 Nc5 26. Qd2
(26. Qc2 $4 Rxe3 $19) 26... Bh6 $1 27. Qd4 Rxe3 28. Rxe3 Bxe3+ 29. Qxe3 d5 30.
cxd5 cxd5 31. b4 axb4 32. axb4 d4 $132) 24... a4 25. b4 $14)) 20... axb4 21.
axb4 Rfc8 (21... c5 22. b5 $14) 22. Rc2 $14 {[%csl Gc1,Gf1][%cal Gb4b5,Gf3d3]})
18... Nd4 19. Nxd4 exd4 20. c5 $5 {Brave and interesting decision. White
sacrifices P (sometimes 2P) in order to open positon for his BB and RR.} ({
Equality after} 20. b3 c5 21. Ree1 Rfb8 22. Rb1 Nf6 23. Bd3 Nd7 $11) ({or} 20.
b4 axb4 21. axb4 c5 $11 (21... Nf6 $13 {Milov,V}) (21... Rfb8 {Milov,V} 22. Qd3
$14) (21... Ra2 {Milov,V} 22. b5 $14)) 20... dxc5 (20... Be5 $2 {Milov,V} 21.
cxd6 Qxd6 22. g3 $16 {/\23.Qd3}) 21. e5 $5 Bxe5 {'[]' Milov,V.} 22. Rce1 {
[%csl Re5][%cal Ge1e5]} (22. Qxc6 $6 Qd6 {[%csl Rh2][%cal Gd6h2]} 23. Qxc5
Bxh2+ 24. Kh1 Rfb8 25. b4 $15) 22... f6 23. g3 {'©' Milov,V. Milov,V: 'Ч‘e,Nh5,
c6,c5'} ({or} 23. Qxc6 Qd6 24. Qxd6 Bxd6 25. g4 Ng7 (25... Nf4 26. Re4 g5 27.
Bxf4 gxf4 28. Bc4+ Kg7 $44) 26. Bg2 Ra7 27. Bd5+ Kh8 28. a4 $44) 23... Qd7 ({
Possible also} 23... Qc7 24. Rc1 Bd6 25. Bg2 {[%csl Rc6][%cal Gg2c6]} Rfe8 26.
b4 (26. Rxe8+ Rxe8 27. Qxc6 Qxc6 28. Bxc6 Re2 $17) 26... Rxe2 27. Qxe2 axb4 28.
axb4 Qd7 (28... cxb4 $4 29. Bxc6 $18 {[%csl Ra8,Rc7][%cal Gc6d5]}) 29. b5 $44)
24. Rc1 (24. Bg2 $6 Rfc8 25. Qd3 Kh8 26. Qc4 a4 $17) (24. Qb3+ {Milov,V} Kh8 (
24... Qf7 {Milov,V} 25. Qc2 c4 26. Re4 $13) 25. Qc4 Qd5) 24... Bd6 25. Re6 (25.
Bg2 $5 {Milov,V} Ra6 $140 26. Qd3 Ra7 27. b4 $36) 25... Kh8 (25... Rfe8 {
Milov,V} 26. Rxe8+ (26. Rxf6 $5 {Milov,V} Nxf6 27. Qxf6 Re5 $8 28. Bc4+ Rd5 $13
) 26... Qxe8 27. g4 Ng7 28. Qxf6 Qe7 29. Qxe7 Bxe7 30. Re1 $14) 26. Rce1 f5 $1
{Black K looks vulnerable, but White hasn't enough resources for pressure
increasing.} ({Badly is} 26... Rfb8 $2 {because after} 27. Rxf6 $1 {attack is
very dangerous:} Rxb2 (27... Nxf6 28. Qxf6+ Qg7 29. Qxd6 $18) 28. Rf7 Qd8 29.
Bh6 (29. Bd3 Qg8 (29... Rxd2 30. Rxh7+ Kxh7 31. Qxh5+ $18) 30. Bg5 {[%cal
Gg5f6]} Bf8 $8 31. Ree7 Ng7 (31... Bxe7 32. Bxe7 Ng7 33. Rxg7 $1 $16) 32. Rxg7
Bxg7 33. Rxg7 Qxg7 34. Bf6 $16)) 27. Bg5 {[%cal Gg5e7]} (27. Bg2 Ng7 28. R6e2
Rfc8 (28... f4 $17 {Milov,V}) 29. Bg5 Re8 30. Qxc6 Qxc6 31. Bxc6 Rxe2 32. Rxe2
Rc8 33. Bf6 d3 34. Re6 Bf8 35. Bc3 $44) 27... Rae8 (27... f4 {Milov,V} 28. g4
Ng7 29. Bf6 $13) 28. Rxe8 Rxe8 29. Rxe8+ Qxe8 30. Qb3 ({After} 30. Qb3 {
[%csl Ra5,Rc5,Rc6,Gf1,Gg5] White has sufficient compensation, because one of
black PP will be captured:} Ng7 ({or} 30... Bf8 31. Bd2 {[%csl Ra5][%cal Gd2a5]
} Qa8 32. Qf7 {[%csl Ra5][%cal Gd2a5]} Bg7 33. Bxa5 Nf6 34. Bb6 $44) (30... f4
$5 {Milov,V} 31. Qb6 $11 {/\32.Qd8, ><c6,a5 Ivanchuk}) 31. Qb6 (31. Bf6 $11 {
(Milov,V) /\32.Bg7}) 31... a4 32. Qa7 Bf8 33. Qxa4 $44) 1/2-1/2

[Event "FIDE-Wch k.o."]
[Site "Moscow"]
[Date "2001.12.02"]
[Round "3.4"]
[White "Lautier, Joel"]
[Black "Khalifman, Alexander"]
[Result "1-0"]
[WhiteElo "2653"]
[BlackElo "2702"]
[Annotator "Tsesarsky,I"]
[PlyCount "155"]
[EventDate "2001.11.27"]
[EventType "k.o."]
[EventRounds "7"]
[EventCountry "RUS"]
[SourceTitle "CBM 086"]
[Source "ChessBase"]
[SourceDate "2002.02.05"]
[SourceVersion "1"]
[SourceVersionDate "2002.02.05"]
[SourceQuality "1"]

1. d4 g6 2. c4 Bg7 3. e4 d6 4. Nf3 Nf6 5. Nc3 O-O 6. Be2 Nbd7 7. O-O e5 8. Be3
c6 9. Qc2 Qe7 10. d5 (10. Rfe1) (10. Rad1 {-another mainlines}) 10... c5 {
In my opinion - the best.} (10... Ng4 11. Bg5 f6 12. Bd2 (12. dxc6 bxc6 13. Bd2
Nc5 14. Rad1 Ne6 15. Bc1 $14 {1-0 Peist,J-Funke,M/Germany 1988/GER-chT2 (52)})
(12. Bh4 Nh6 13. Nd2 g5 14. Bg3 f5 15. dxc6 bxc6 16. f3 Nc5 17. Nb3 Ne6 18. c5
$14 {1-0 Grooten,H-Szekely,P/Bratto 2000/CBM 77 ext (60)}) 12... f5 (12... h5
13. b4 Kh7 14. h3 Nh6 15. Rab1 $14 {1-0 Hess,C-Beckemeier,W/Germany 1983/
GER-chT (35)}) (12... Kh8 13. g3 f5 14. Nh4 $14 {1-0 Sakaev,K-McNab,C/Cappelle
la Grande 1994/TD (42)}) 13. exf5 (13. Ng5 Ndf6 14. f3 Nh6 15. c5 $5 $13 {
1-0 Sosulin,E-Zhelnin,V/Tula 2000/EXT 2001 (38)}) 13... gxf5 14. Ng5 Ndf6 15.
f3 Nh6 16. Bd3 $14 {1-0 Kortschnoj,V-Mestel,A/Beersheba 1984/MCL (43)}) (10...
Re8 11. b4 $1 cxd5 12. cxd5 Ng4 13. Bg5 f6 14. Bd2 Nf8 15. h3 Nh6 $14 {[%cal
Gc3b5,Gf1c1] 1-0 Knazovcik,L-Hrivnak,D/CZE 1999/EXT 2000 (63)}) (10... Rd8 11.
b4 $1 cxd5 12. cxd5 Ng4 13. Bg5 f6 14. Bd2 Nf8 15. h3 Nh6 16. Rac1 $14 {
[%cal Gc1c7,Gc3b5] 1-0 Zakharstov,V-Zhelnin,V/Tula 2000/EXT 2001 (58)}) 11. Nh4
$5 {Rare move} ({More popular are:} 11. a3 a6 (11... Ne8 12. Bg5 f6 13. Bh4 Qf7
14. b4 Bh6 15. Rab1 f5 $14 {0-1 Hess,C-Beckemeier,W/Germany 1984/GER-chT (49)})
(11... Nh5 12. Rfe1 f5 13. exf5 gxf5 14. Ng5 Ndf6 15. Qd1 Ng4 16. Bc1 $16 {
[%csl Rg4,Rh5][%cal Gh2h3]} (16. Bxg4 fxg4 17. Qd2 $14 {1/2-1/2 Powell,
J-Haydon,R/England 1998/EXT 99 (49)})) 12. b4 b6 13. Nd2 Ne8 14. Rab1 f5 15. f3
f4 16. Bf2 g5 17. bxc5 bxc5 18. Na4 h5 19. h3 Nef6 20. Rb3 Rf7 21. Rfb1 Bf8 22.
Qd1 Rg7 23. Nc3 Rg6 24. Nf1 $14 {[%cal Gf1h2] 0-1 Pundzas-Balashov,Y/La
Valetta 1980/EXT 2000 (73)}) (11. Ne1 Ne8 (11... h5 12. f3 Nh7 13. Nd3 f5 14.
Rab1 Ndf6 15. b4 b6 16. Rb2 h4 17. bxc5 bxc5 18. h3 $14 {1-0 Sorvari,J-Jokela,
J/FIN 1996/EXT 99 (54)}) 12. Nd3 (12. Bg4 f5 13. exf5 Nb6 14. f6 Nxf6 15. Bxc8
Raxc8 16. Ne4 Nxe4 17. Qxe4 Nd7 18. Nf3 $14 {1/2-1/2 Wessman,R-Winsnes,R/
SWE-ch 1989/EXT 97 (77)}) 12... f5 13. exf5 (13. f3 f4 14. Bf2 h5 15. b4 g5 16.
a4 cxb4 17. Nxb4 Nc5 18. Bxc5 dxc5 19. Nd3 $132 {1-0 Wiley,T-Lacroix,B/Antwerp
1999/EXT 2000 (41)}) 13... gxf5 14. f4 e4 15. Nf2 Ndf6 16. a3 $14 {1/2-1/2
Franic,M-Bosboom,M/Groningen 1982/EXT 2000 (49)}) (11. Nd2 Ne8 (11... h5 12. a3
$14 {[%cal Gb2b4]} (12. Bg5 a6 13. Rae1 Qe8 14. Qd1 Nh7 15. Be3 Qe7 16. Bd3 h4
17. f4 exf4 18. Bxf4 Ne5 19. Nf3 h3 $132 {0-1 Ivanisevic,I-Movsesian,S/Zagan
1997/CBM 59 ext (54)})) 12. Rae1 f5 13. exf5 gxf5 14. f4 e4 $14 (14... Nef6 $4
15. Qxf5 $18 {1-0 Flear,G-Beckemeier,W/Buende 1985/EXT 2001 (19)})) (11. Bg5 h6
12. Bh4 g5 13. Bg3 Nh5 14. Nd1 Ndf6 15. Nd2 Nf4 16. Re1 h5 17. f3 Bh6 18. Bf1
Ne8 19. Ne3 $14 {1-0 Farago,I-Bilek,I/HUN 1992/EXT 2000 (42)}) (11. Rab1 Ne8
12. Rfe1 f5 13. exf5 gxf5 14. Bg5 Ndf6 15. b4 cxb4 16. Rxb4 e4 17. Nd4 $14 {
1/2-1/2 Henk,M-Michalczak,T/Duesseldorf 1995/EXT 99 (23)}) 11... Ne8 12. g3
Ndf6 13. Bg5 $14 ({The game where first time was played 11.Nh4 was continued:} 
13. f3 Nh5 14. Ng2 f5 15. exf5 gxf5 16. Bd3 Kh8 17. Rae1 Qf6 18. Qc1 f4 19. Ne4
Qh6 20. Bd2 Bh3 (20... Bd7 $4 21. g4 $18 {1-0 Gurevich,D-Goelff,C/Bonnevoie
1998/EXT 99 (27)}) 21. g4 Bxg2 22. Kxg2 Nhf6 23. Ng3 b5 24. b3 Qg5 25. Qc2 (25.
Rh1 $2 Nxg4 26. fxg4 Qxg4 $15) 25... h5 (25... Nxg4 26. fxg4 Qxg4 27. Be2 Qg5
28. Kh1 $16) 26. h3 $16) 13... Bh3 14. Rfe1 Qd7 15. f3 Nh5 16. Nd1 {[%csl Rh3]
[%cal Gd1f2]} (16. a3 $14 {[%cal Gb2b4]}) 16... f6 17. Bd2 Qe7 {[%cal Gh3d7]
Preparing Bh3 retreat.} 18. Bd3 Bc8 19. a3 {[%cal Gb2b4]} Qf7 {Preparing f6-f5
break.} 20. Ne3 $1 {[%csl Gf5] Preventing f6-f5. In other hand, nothing can't
stop b2-b4 promotion.} Kh8 21. b4 b6 22. a4 a5 $5 {Interesting decision. Black
closes queenside, but new weakness Pa5 will be factor must be took into
account.} (22... Bd7 23. a5 $14) 23. bxa5 bxa5 {[%csl Ra5]} 24. Rab1 {[%csl
Ra5][%cal Gb1b5]} Bh6 25. Bc3 {[%cal Gc3h8] Preventing f6-f5 again.} ({Worth
of attention} 25. Rb5 $5 Bg5 26. Nhg2 f5 27. exf5 gxf5 28. Reb1 (28. Rxa5 $2
Rxa5 29. Bxa5 f4 $1 30. gxf4 (30. Bf5 Bxf5 31. Qxf5 Qxf5 32. Nxf5 Rxf5 33. g4
Rf7 34. h4 Bh6 35. gxh5 Ra7 $15) 30... Nxf4 31. Nxf4 Bxf4 32. Ng2 Rg8 33. Kh1
Bh3 34. Bf1 (34. Nxf4 Qxf4 35. Qe2 Bg2+ 36. Qxg2 Rxg2 37. Kxg2 Qd4 38. Be2 Ng7
$15 {[%cal Gg7f5,Gg7h5]}) 34... Bxg2+ 35. Bxg2 Qh5 $44) 28... f4 29. Nf1 $16)
25... Bg5 26. Nhg2 Kg8 {The game goes surround f6-f5 promotion.} 27. Rf1 $1 {
[%cal Gf3f4] White also can play with P f on the kingside!} Bh3 $6 $16 (27...
f5 $142 28. exf5 gxf5 29. f4 exf4 30. gxf4 Bd8 $14 {[%csl Ra5][%cal Gd8a5]})
28. f4 $1 exf4 29. gxf4 Bh6 30. Rf3 Bc8 31. Rb5 {[%csl Ra5][%cal Gb5a5,Gc3a5]
At last.} Qc7 {[%cal Gc7a5]} 32. Qd2 {[%csl Ra5][%cal Gd2a5] The weakness on
a5 will fall.} Neg7 33. Bc2 {[%cal Gc2a4]} (33. Rxa5 $16) 33... f5 34. e5 g5 $5
{Despair. Black tries to find tactical chances because strategical battle is
lost.} 35. e6 $4 $132 {Serious mistake.} ({Right was} 35. fxg5 Bxg5 36. Bxa5
Qd7 (36... Rxa5 37. Qxa5 $18) 37. exd6 (37. e6 $18) 37... f4 38. Nf1 Qxd6 39.
Bb6 $18 {[%csl Rc5]}) 35... gxf4 36. Nd1 Ba6 {[%csl Rc4][%cal Ga6c4]} 37. Bxa5
(37. Rxa5 Bxc4 38. Rxa8 Rxa8 $13) 37... Qe7 38. Rb6 Bxc4 39. Bc3 Nf6 {[%csl
Rd5]} 40. Bxf6 $5 ({Strong was} 40. Nxf4 $1 Bxf4 (40... Ne4 41. Qg2 Bxf4 42.
Rxf4 (42. Bxg7 Qxg7 43. Qxg7+ Kxg7 44. Rxf4 Bxd5 45. e7 $11 {-see below.})
42... Bxd5 43. Bxg7 Qxg7 44. Qxg7+ Kxg7 45. e7 Rg8 46. Ne3 Kf6+ 47. Kf1 Nc3 48.
Rxd6+ Ke5 49. Nxd5 Nxd5 50. Rxd5+ Kxd5 51. Bb3+ Kd6 52. Bxg8 Rxg8 53. Rxf5 $11)
41. Qxf4 Bxd5 (41... Nxd5 42. Qxd6 Qxd6 43. Rxd6 Nxc3 44. Rxc3 Bxe6 45. Rxc5
$14 {[%csl Ga4][%cal Ga4a8]}) 42. Rg3 Bxe6 43. Qxd6 Qxd6 44. Rxd6 Rae8 (44...
Nfh5 45. Bxg7 Rfe8 46. Be5+ Nxg3 47. Bxg3 $16) 45. Rxe6 Rxe6 46. Bb3 Kh8 47.
Rxg7 Kxg7 48. Bxe6 Kg6 49. a5 $14) 40... Qxf6 41. Rxd6 Rfd8 42. Qc3 (42. Rxd8+
Rxd8 $132) 42... Qd4+ 43. Qxd4 cxd4 44. Rxd8+ Rxd8 45. Bb3 $2 $17 {After this
mistake Black recieves an advantage.} ({Why not} 45. Nxf4 $132) 45... Bxd5 46.
e7 Rd7 47. Bxd5+ Rxd5 48. Ra3 $2 $19 {Mistakes comedy is continued...} (48.
Nxf4 $142 Bxf4 49. Rxf4 Kf7 $17) 48... Ra5 $1 (48... Kf7 $143 $2 49. a5 Kxe7
50. a6 Rd8 51. Rh3 Bg5 52. Rxh7 Kf7 53. h4 Bf6 54. h5 Ra8 55. h6 (55. Nxf4 Rxa6
56. Nh3 Ra1 57. Nhf2 Kg8 58. Rh6 Bg5 59. Rd6 Be3 $17) 55... Rxa6 56. hxg7 Ra1
57. Rh5 Rxd1+ 58. Kf2 Bxg7 59. Rxf5+ Ke6 60. Rxf4 d3 61. Rg4 $15) 49. Nh4 Bg5 (
{Or} 49... Kf7 50. Nf3 Ne6 51. Nb2 Kxe7 $19) 50. Nf3 Bxe7 51. Ra2 Ne6 52. Re2
Ng5 $4 {Terrible mistake in this nervious dramatic game.} ({Black was very
closed to victory:} 52... Ra6 $19) 53. Rg2 {[%csl Rg5][%cal Gg2g8]} Kf7 (53...
h6 54. h4 Rxa4 55. hxg5 hxg5 56. Nxg5 Bxg5 57. Rxg5+ Kf7 58. Rxf5+ Ke6 59. Rxf4
$11) 54. Nxg5+ Bxg5 55. Rxg5 Kf6 $44 56. Rg2 Rxa4 57. Rd2 Ke5 58. Kf2 Ra3 59.
Nb2 Ke4 60. Re2+ Re3 61. Nc4 h5 62. Nd6+ Ke5 63. Nc4+ Ke4 64. Nd6+ Kd3 {
Khalifman had to play for win...} (64... Ke5 65. Nc4+ $11) 65. Ra2 Re5 66. Nf7
Rd5 67. Ng5 Kc3 68. Nf3 d3 69. Nd2 h4 70. Nb1+ Kb3 71. Rd2 Kc4 72. Ra2 Rb5 $2 (
72... Kb3 $11) 73. Ra4+ Kb3 (73... Kc5 74. Nd2 $14 {[%csl Rf4,Rf5]}) 74. Rxf4
Kb2 (74... Re5 $1 $11 {[%csl Rf2][%cal Gb3c2,Gd3d1]}) 75. Nd2 Kc3 76. Nf3 h3 (
76... Rd5 77. Ke1 Ra5 78. Rxh4 Ra1+ 79. Kf2 d2 80. Nxd2 Kxd2 $11) 77. Kg3 d2 $4
(77... Rd5 $11) 78. Rd4 1-0